000 00603nam a2200205Ia 4500
008 240729s9999 xx 000 0 und d
022 _a1662-4033
245 0 _aObesity Facts
260 _aSwitzerland
260 _bKarger Publishers
650 _a Home economics
650 _a Internal medicine
650 _a Nutrition. Foods and food supply | Medicine
650 _a Nutritional diseases. Deficiency diseases
650 _a Specialties of internal medicine
650 _aTechnology
856 _uhttps://doaj.org/toc/5e4547df8e734f71a8c15eedc1a825a8
942 _2ddc
942 _cDOAJEJ
999 _c73775
_d73775
945 _a1
_bMadushi Gamage
_c1
_dMadushi Gamage